{"text_format":"3","workbook":"xlsx","n_sheets":1,"sheets":["t609"],"read":"whole","date_system":"1900"}

{"sheet":"t609","index":0,"n_rows":232,"n_cols":7,"rows_kept":232,"merged":[[0,0,0,6],[30,0,30,5],[55,0,55,5],[165,0,165,5]]}
["TABELA 609.1 - Estatísticas Agrícolas, Município de Tupã, Estado de São Paulo, 2007/08."]
["ITEM","UNIDADE","N.DE UPAs","MÍNIMO","MÉDIO","MÁXIMO","TOTAL"]
["Distância à sede do município","km",{"v":1114,"d":"1,114"},0.1,{"v":9.15,"d":"9.2"},{"v":31,"d":"31.0"},"-"]
["Área total","hectare",{"v":1114,"d":"1,114"},0.2,{"v":50.11,"d":"50.1"},{"v":1439.6,"d":"1,439.6"},{"v":55821,"d":"55,821.0"}]
["Área com cultura perene","hectare",299,0.1,{"v":6.72,"d":"6.7"},182.7,{"v":2009.3,"d":"2,009.3"}]
["Área com cultura temporária","hectare",301,0.1,31.5,895.4,{"v":9481.4,"d":"9,481.4"}]
["Área com pastagem","hectare",962,0.2,{"v":40.56,"d":"40.6"},{"v":1190,"d":"1,190.0"},{"v":39021.5,"d":"39,021.5"}]
["Área com reflorestamento","hectare",239,0.1,{"v":3.18,"d":"3.2"},48.4,{"v":759,"d":"759.0"}]
["Área com vegetação natural","hectare",244,0.1,{"v":8.47,"d":"8.5"},{"v":190,"d":"190.0"},{"v":2066.5,"d":"2,066.5"}]
["Área com vegetação de brejo e várzea","hectare",188,0.1,{"v":3.06,"d":"3.1"},{"v":80,"d":"80.0"},575.6]
["Área em descanso","hectare",68,0.1,{"v":9.03,"d":"9.0"},{"v":100,"d":"100.0"},613.8]
["Área complementar","hectare",{"v":1018,"d":"1,018"},0.1,{"v":1.27,"d":"1.3"},92.1,{"v":1293.9,"d":"1,293.9"}]
["Área das UPAs com (0, 1] ha","hectare",21,0.2,{"v":0.54,"d":"0.5"},{"v":1,"d":"1.0"},11.3]
["Área das UPAs com (1, 2] ha","hectare",37,1.1,{"v":1.65,"d":"1.7"},{"v":2,"d":"2.0"},61.2]
["Área das UPAs com (2, 5] ha","hectare",206,2.1,{"v":3.41,"d":"3.4"},{"v":5,"d":"5.0"},701.8]
["Área das UPAs com (5, 10] ha","hectare",171,5.1,7.3,{"v":10,"d":"10.0"},{"v":1247.8,"d":"1,247.8"}]
["Área das UPAs com (10, 20] ha","hectare",223,10.1,14.2,{"v":20,"d":"20.0"},{"v":3166.3,"d":"3,166.3"}]
["Área das UPAs com (20, 50] ha","hectare",245,20.3,31.5,49.6,{"v":7718.1,"d":"7,718.1"}]
["Área das UPAs com (50, 100] ha","hectare",83,50.8,{"v":74.18,"d":"74.2"},99.2,{"v":6157.1,"d":"6,157.1"}]
["Área das UPAs com (100, 200] ha","hectare",60,101.4,{"v":145.47,"d":"145.5"},{"v":196,"d":"196.0"},{"v":8727.9,"d":"8,727.9"}]
["Área das UPAs com (200, 500] ha","hectare",55,200.8,{"v":308.71,"d":"308.7"},{"v":496,"d":"496.0"},{"v":16978.9,"d":"16,978.9"}]
["Área das UPAs com (500, 1.000] ha","hectare",11,515.5,{"v":766.73,"d":"766.7"},951.4,{"v":8434,"d":"8,434.0"}]
["Área das UPAs com (1.000, 2.000] ha","hectare",2,{"v":1177,"d":"1,177.0"},{"v":1308.3,"d":"1,308.3"},{"v":1439.6,"d":"1,439.6"},{"v":2616.6,"d":"2,616.6"}]
["Área das UPAs com (2.000, 5.000] ha","hectare","-","-","-","-","-"]
["Área das UPAs com (5.000, 10.000] ha","hectare","-","-","-","-","-"]
["Área das UPAs acima de 10.000 ha","hectare","-","-","-","-","-"]
["Familiares do proprietário que trabalham na UPA","unidade",896,{"v":1,"d":"1.0"},{"v":1.34,"d":"1.3"},{"v":10,"d":"10.0"},{"v":1198,"d":"1,198.0"}]
["Trabalhadores permanentes","unidade",332,{"v":1,"d":"1.0"},{"v":3.47,"d":"3.5"},{"v":330,"d":"330.0"},{"v":1151,"d":"1,151.0"}]
["Fonte: Secretaria de Agricultura e Abastecimento, CDRS/IEA, Projeto LUPA."]
[]
["TABELA 609.2 - Explorações Animais, Município de Tupã, Estado de São Paulo, 2007/08."]
["ITEM","UNIDADE","N.DE UPAs","MÍNIMO","MÉDIO","MÁXIMO","TOTAL"]
["Apicultura","colmeias",7,{"v":1,"d":"1.0"},{"v":14.86,"d":"14.9"},{"v":35,"d":"35.0"},{"v":104,"d":"104.0"}]
["Asininos E Muares","cabeças",19,{"v":1,"d":"1.0"},{"v":1.42,"d":"1.4"},{"v":3,"d":"3.0"},{"v":27,"d":"27.0"}]
["Avestruzes e Ema (Criadouro)","cabeças",3,{"v":2,"d":"2.0"},{"v":11.33,"d":"11.3"},{"v":20,"d":"20.0"},{"v":34,"d":"34.0"}]
["Avicultura de Corte","cabeças/ano",2,{"v":26,"d":"26.0"},{"v":28,"d":"28.0"},{"v":30,"d":"30.0"},{"v":56,"d":"56.0"}]
["Avicultura Ornamental/Decorativa/Exótica","cabeças",1,{"v":33,"d":"33.0"},{"v":33,"d":"33.0"},{"v":33,"d":"33.0"},{"v":33,"d":"33.0"}]
["Avicultura para Ovos","cabeças",18,{"v":2,"d":"2.0"},{"v":54977.78,"d":"54,977.8"},{"v":250000,"d":"250,000.0"},{"v":989600,"d":"989,600.0"}]
["Bovinocultura de Corte","cabeças",233,{"v":1,"d":"1.0"},{"v":201.91,"d":"201.9"},{"v":1552,"d":"1,552.0"},{"v":47044,"d":"47,044.0"}]
["Bovinocultura Leiteira","cabeças",90,{"v":1,"d":"1.0"},{"v":14.68,"d":"14.7"},{"v":100,"d":"100.0"},{"v":1321,"d":"1,321.0"}]
["Bovinocultura Mista","cabeças",412,{"v":1,"d":"1.0"},{"v":30.24,"d":"30.2"},{"v":364,"d":"364.0"},{"v":12459,"d":"12,459.0"}]
["Bubalinocultura","cabeças",1,{"v":7,"d":"7.0"},{"v":7,"d":"7.0"},{"v":7,"d":"7.0"},{"v":7,"d":"7.0"}]
["Caprinocultura","cabeças",4,{"v":3,"d":"3.0"},{"v":6.75,"d":"6.8"},{"v":15,"d":"15.0"},{"v":27,"d":"27.0"}]
["Codornicultura","cabeças",1,{"v":30000,"d":"30,000.0"},{"v":30000,"d":"30,000.0"},{"v":30000,"d":"30,000.0"},{"v":30000,"d":"30,000.0"}]
["Equinocultura","cabeças",409,{"v":1,"d":"1.0"},{"v":2.89,"d":"2.9"},{"v":26,"d":"26.0"},{"v":1181,"d":"1,181.0"}]
["Javalis (Criadouro)","cabeças",1,{"v":70,"d":"70.0"},{"v":70,"d":"70.0"},{"v":70,"d":"70.0"},{"v":70,"d":"70.0"}]
["Minhocultura","canteiros",3,{"v":2,"d":"2.0"},{"v":4,"d":"4.0"},{"v":6,"d":"6.0"},{"v":12,"d":"12.0"}]
["Outra Exploração Animal","cabeças",1,{"v":16,"d":"16.0"},{"v":16,"d":"16.0"},{"v":16,"d":"16.0"},{"v":16,"d":"16.0"}]
["Ovinocultura","cabeças",45,{"v":1,"d":"1.0"},{"v":42.24,"d":"42.2"},{"v":250,"d":"250.0"},{"v":1901,"d":"1,901.0"}]
["Piscicultura","m² tanques",13,{"v":150,"d":"150.0"},{"v":8403.85,"d":"8,403.9"},{"v":53000,"d":"53,000.0"},{"v":109250,"d":"109,250.0"}]
["Ranicultura","girinos/ano",1,{"v":10,"d":"10.0"},{"v":10,"d":"10.0"},{"v":10,"d":"10.0"},{"v":10,"d":"10.0"}]
["Sericicultura","gramas larvas/ano",2,{"v":100,"d":"100.0"},{"v":100,"d":"100.0"},{"v":100,"d":"100.0"},{"v":200,"d":"200.0"}]
["Suinocultura","cabeças",31,{"v":2,"d":"2.0"},{"v":67.19,"d":"67.2"},{"v":1200,"d":"1,200.0"},{"v":2083,"d":"2,083.0"}]
["Fonte: Secretaria de Agricultura e Abastecimento, CDRS/IEA, Projeto LUPA."]
[]
["TABELA 609.3 -  Máquinas, Implementos e Benfeitorias, Município de Tupã, Estado de São Paulo, 2007/08."]
["ITEM","UNIDADE","N.DE UPAs","MÍNIMO","MÉDIO","MÁXIMO","TOTAL"]
["Arado Comum (Bacia, Aiveca)","Unidade",140,{"v":1,"d":"1.0"},1.3,{"v":5,"d":"5.0"},{"v":182,"d":"182.0"}]
["Arado Escarificador","Unidade",65,{"v":1,"d":"1.0"},{"v":1.28,"d":"1.3"},{"v":4,"d":"4.0"},{"v":83,"d":"83.0"}]
["Arado Subsolador","Unidade",19,{"v":1,"d":"1.0"},{"v":1.21,"d":"1.2"},{"v":4,"d":"4.0"},{"v":23,"d":"23.0"}]
["Batedeira de Cereais","Unidade",13,{"v":1,"d":"1.0"},{"v":2.08,"d":"2.1"},{"v":7,"d":"7.0"},{"v":27,"d":"27.0"}]
["Câmara Fria","Unidade",2,{"v":1,"d":"1.0"},{"v":1,"d":"1.0"},{"v":1,"d":"1.0"},{"v":2,"d":"2.0"}]
["Carregadeira de Cana","Unidade",2,{"v":1,"d":"1.0"},{"v":1,"d":"1.0"},{"v":1,"d":"1.0"},{"v":2,"d":"2.0"}]
["Colhedeira Acoplada","Unidade",10,{"v":1,"d":"1.0"},{"v":2,"d":"2.0"},{"v":7,"d":"7.0"},{"v":20,"d":"20.0"}]
["Colhedeira Automotriz","Unidade",3,{"v":1,"d":"1.0"},{"v":1,"d":"1.0"},{"v":1,"d":"1.0"},{"v":3,"d":"3.0"}]
["Computador","Unidade",3,{"v":1,"d":"1.0"},{"v":1.33,"d":"1.3"},{"v":2,"d":"2.0"},{"v":4,"d":"4.0"}]
["Conj.Irrigação Autopropelido","Unidade",4,{"v":1,"d":"1.0"},1.5,{"v":3,"d":"3.0"},{"v":6,"d":"6.0"}]
["Conj.Irrigação Convencional","Unidade",17,{"v":1,"d":"1.0"},{"v":1,"d":"1.0"},{"v":1,"d":"1.0"},{"v":17,"d":"17.0"}]
["Conj.Irrigação/Gotejamento/Microaspersão","Unidade",20,{"v":1,"d":"1.0"},{"v":2.25,"d":"2.3"},{"v":8,"d":"8.0"},{"v":45,"d":"45.0"}]
["Conjunto de Fenação","Unidade",5,{"v":1,"d":"1.0"},{"v":1,"d":"1.0"},{"v":1,"d":"1.0"},{"v":5,"d":"5.0"}]
["Desintegrador de Palha (Plantio Direto)","Unidade",4,{"v":1,"d":"1.0"},{"v":1,"d":"1.0"},{"v":1,"d":"1.0"},{"v":4,"d":"4.0"}]
["Desintegrador, Picador, Triturador","Unidade",216,{"v":1,"d":"1.0"},{"v":1.11,"d":"1.1"},{"v":4,"d":"4.0"},{"v":239,"d":"239.0"}]
["Distribuidor de Calcário","Unidade",32,{"v":1,"d":"1.0"},{"v":1.06,"d":"1.1"},{"v":3,"d":"3.0"},{"v":34,"d":"34.0"}]
["Ensiladeira","Unidade",23,{"v":1,"d":"1.0"},{"v":1.09,"d":"1.1"},{"v":2,"d":"2.0"},{"v":25,"d":"25.0"}]
["Grade Aradora (Tipo Romi)","Unidade",27,{"v":1,"d":"1.0"},{"v":1.04,"d":"1.0"},{"v":2,"d":"2.0"},{"v":28,"d":"28.0"}]
["Grade Niveladora","Unidade",117,{"v":1,"d":"1.0"},{"v":1.13,"d":"1.1"},{"v":4,"d":"4.0"},{"v":132,"d":"132.0"}]
["Implementos para Tração Animal","Unidade",35,{"v":1,"d":"1.0"},{"v":1.66,"d":"1.7"},{"v":6,"d":"6.0"},{"v":58,"d":"58.0"}]
["Microtrator","Unidade",7,{"v":1,"d":"1.0"},{"v":1.14,"d":"1.1"},{"v":2,"d":"2.0"},{"v":8,"d":"8.0"}]
["Misturador de Ração","Unidade",17,{"v":1,"d":"1.0"},{"v":1.18,"d":"1.2"},{"v":2,"d":"2.0"},{"v":20,"d":"20.0"}]
["Ordenhadeira Mecânica","Unidade",8,{"v":1,"d":"1.0"},{"v":1,"d":"1.0"},{"v":1,"d":"1.0"},{"v":8,"d":"8.0"}]
["Pulverizador Tratorizado","Unidade",87,{"v":1,"d":"1.0"},{"v":1.24,"d":"1.2"},{"v":6,"d":"6.0"},{"v":108,"d":"108.0"}]
["Resfriador de Leite, Tanque Expansão","Unidade",14,{"v":1,"d":"1.0"},{"v":1.07,"d":"1.1"},{"v":2,"d":"2.0"},{"v":15,"d":"15.0"}]
["Semeadeira/Adubadeira para Plantio Convencional","Unidade",30,{"v":1,"d":"1.0"},1.3,{"v":6,"d":"6.0"},{"v":39,"d":"39.0"}]
["Semeadeira/Plantadeira Plantio Direto","Unidade",31,{"v":1,"d":"1.0"},{"v":1.06,"d":"1.1"},{"v":2,"d":"2.0"},{"v":33,"d":"33.0"}]
["Terraceador","Unidade",8,{"v":1,"d":"1.0"},{"v":1,"d":"1.0"},{"v":1,"d":"1.0"},{"v":8,"d":"8.0"}]
["Trator de Esteiras","Unidade",1,{"v":1,"d":"1.0"},{"v":1,"d":"1.0"},{"v":1,"d":"1.0"},{"v":1,"d":"1.0"}]
["Trator de Pneus","Unidade",250,{"v":1,"d":"1.0"},{"v":1.44,"d":"1.4"},{"v":14,"d":"14.0"},{"v":361,"d":"361.0"}]
["Açude/Represa","Unidade",260,{"v":1,"d":"1.0"},{"v":2.17,"d":"2.2"},{"v":25,"d":"25.0"},{"v":564,"d":"564.0"}]
["Almoxarifado/Oficina","Unidade",50,{"v":1,"d":"1.0"},{"v":1.32,"d":"1.3"},{"v":5,"d":"5.0"},{"v":66,"d":"66.0"}]
["Armazém para Grãos Ensacados","Sacas",23,{"v":1,"d":"1.0"},{"v":2246.3,"d":"2,246.3"},{"v":40000,"d":"40,000.0"},{"v":51665,"d":"51,665.0"}]
["Balança para Bovinos","Unidade",8,{"v":1,"d":"1.0"},{"v":1,"d":"1.0"},{"v":1,"d":"1.0"},{"v":8,"d":"8.0"}]
["Balança para Veículos","Unidade",5,{"v":1,"d":"1.0"},1.2,{"v":2,"d":"2.0"},{"v":6,"d":"6.0"}]
["Barracão para Bicho da Seda/Sirgaria","Unidade",19,{"v":1,"d":"1.0"},{"v":1.42,"d":"1.4"},{"v":4,"d":"4.0"},{"v":27,"d":"27.0"}]
["Barracão para Cultivo de Cogumelo","Unidade",1,{"v":1,"d":"1.0"},{"v":1,"d":"1.0"},{"v":1,"d":"1.0"},{"v":1,"d":"1.0"}]
["Barracão para Granja/Avicultura","Unidade",17,{"v":1,"d":"1.0"},{"v":12.65,"d":"12.7"},{"v":54,"d":"54.0"},{"v":215,"d":"215.0"}]
["Barracão/Galpão/Garagem","Unidade",443,{"v":1,"d":"1.0"},{"v":1.38,"d":"1.4"},{"v":8,"d":"8.0"},{"v":612,"d":"612.0"}]
["Casa de Moradia Habitada","Unidade",727,{"v":1,"d":"1.0"},{"v":1.47,"d":"1.5"},{"v":9,"d":"9.0"},{"v":1066,"d":"1,066.0"}]
["Casa de Moradia Total","Unidade",903,{"v":1,"d":"1.0"},{"v":1.87,"d":"1.9"},{"v":16,"d":"16.0"},{"v":1688,"d":"1,688.0"}]
["Curral/Mangueira","Unidade",592,{"v":1,"d":"1.0"},{"v":1.04,"d":"1.0"},{"v":4,"d":"4.0"},{"v":617,"d":"617.0"}]
["Depósito/Tulha","Unidade",400,{"v":1,"d":"1.0"},{"v":1.08,"d":"1.1"},{"v":5,"d":"5.0"},{"v":433,"d":"433.0"}]
["Engenho","Unidade",3,{"v":1,"d":"1.0"},{"v":1,"d":"1.0"},{"v":1,"d":"1.0"},{"v":3,"d":"3.0"}]
["Estábulo","Unidade",72,{"v":1,"d":"1.0"},{"v":1.07,"d":"1.1"},{"v":3,"d":"3.0"},{"v":77,"d":"77.0"}]
["Estufa/Plasticultura","m²",23,{"v":1,"d":"1.0"},{"v":1419.09,"d":"1,419.1"},{"v":10000,"d":"10,000.0"},{"v":32639,"d":"32,639.0"}]
["Fábrica de Ração","Unidade",11,{"v":1,"d":"1.0"},{"v":1,"d":"1.0"},{"v":1,"d":"1.0"},{"v":11,"d":"11.0"}]
["Instalações para Equinos","Unidade",20,{"v":1,"d":"1.0"},2.1,{"v":10,"d":"10.0"},{"v":42,"d":"42.0"}]
["Máquina de Benefício","Unidade",4,{"v":1,"d":"1.0"},{"v":1.25,"d":"1.3"},{"v":2,"d":"2.0"},{"v":5,"d":"5.0"}]
["Olaria","Unidade",1,{"v":1,"d":"1.0"},{"v":1,"d":"1.0"},{"v":1,"d":"1.0"},{"v":1,"d":"1.0"}]
["Pocilga","Unidade",35,{"v":1,"d":"1.0"},1.4,{"v":6,"d":"6.0"},{"v":49,"d":"49.0"}]
["Poço Semi-Artesiano","Unidade",328,{"v":1,"d":"1.0"},{"v":1.05,"d":"1.1"},{"v":4,"d":"4.0"},{"v":345,"d":"345.0"}]
["Posto Meteorológico","Unidade",1,{"v":1,"d":"1.0"},{"v":1,"d":"1.0"},{"v":1,"d":"1.0"},{"v":1,"d":"1.0"}]
["Secador de Grãos","Unidade",6,{"v":1,"d":"1.0"},{"v":1,"d":"1.0"},{"v":1,"d":"1.0"},{"v":6,"d":"6.0"}]
["Silo para Grãos","t",6,{"v":1,"d":"1.0"},{"v":144.67,"d":"144.7"},{"v":720,"d":"720.0"},{"v":868,"d":"868.0"}]
["Silo para Silagem","t",49,{"v":1,"d":"1.0"},{"v":276.65,"d":"276.7"},{"v":1800,"d":"1,800.0"},{"v":13556,"d":"13,556.0"}]
["Terreiro","m²",94,{"v":1,"d":"1.0"},{"v":303.43,"d":"303.4"},{"v":4050,"d":"4,050.0"},{"v":28522,"d":"28,522.0"}]
["Fonte: Secretaria de Agricultura e Abastecimento, CDRS/IEA, Projeto LUPA."]
[]
["TABELA 609.4 - Outras Estatísticas Agrícolas, Município de Tupã, Estado de São Paulo, 2007/08."]
["ITEM","Número de UPAs",null,"Percentual"]
["Faz Parte de Associação de Produtores",41,null,{"v":3.6804308797127474,"d":"3.7"}]
["Faz Parte de Cooperativa de Produtores",571,null,{"v":51.25673249551167,"d":"51.3"}]
["Faz Parte do Sindicato de Produtores",144,null,{"v":12.926391382405743,"d":"12.9"}]
["Não utiliza assistência técnica ",622,null,{"v":55.834829443447035,"d":"55.8"}]
["Utiliza somente assistência técnica governamental ",166,null,{"v":14.901256732495511,"d":"14.9"}]
["Utiliza somente assistência técnica privada ",133,null,{"v":11.938958707360861,"d":"11.9"}]
["Utiliza assistência técnica tanto governamental quanto privada",193,null,{"v":17.32495511669659,"d":"17.3"}]
["Utiliza Crédito Rural",55,null,{"v":4.937163375224417,"d":"4.9"}]
["Utiliza Seguro Rural",20,null,{"v":1.7953321364452424,"d":"1.8"}]
["Utiliza Escrituração Agrícola",467,null,{"v":41.92100538599641,"d":"41.9"}]
["Acessa Internet p/ Fins na Agropecuária",110,null,{"v":9.874326750448834,"d":"9.9"}]
["Utiliza Computador nas Atividades Agropecuárias",35,null,{"v":3.1418312387791745,"d":"3.1"}]
["Utiliza Energia Elétrica Para Uso na Atividade Agrícola",953,null,{"v":85.54757630161579,"d":"85.5"}]
["Realiza Análise de Solo, quando necessário",307,null,{"v":27.55834829443447,"d":"27.6"}]
["Utiliza Práticas de Conservação de Solo, quando necessário",653,null,{"v":58.61759425493716,"d":"58.6"}]
["Faz Adubação Mineral, quando necessário",566,null,{"v":50.80789946140036,"d":"50.8"}]
["Faz Adubação Orgânica, quando necessário",383,null,{"v":34.380610412926394,"d":"34.4"}]
["Faz Adubação Verde, quando necessário",87,null,{"v":7.809694793536805,"d":"7.8"}]
["Utiliza Manejo Integrado de Pragas (MIP)","-",null,"-"]
["Utiliza Hidroponia","-",null,"-"]
["Utiliza Plasticultura",20,null,{"v":1.7953321364452424,"d":"1.8"}]
["Utiliza Mudas Fiscalizadas",182,null,{"v":16.337522441651704,"d":"16.3"}]
["Utiliza Semente Melhorada",235,null,{"v":21.095152603231597,"d":"21.1"}]
["Faz Confinamento de Bovinos",12,null,{"v":1.0771992818671454,"d":"1.1"}]
["Utiliza Pastejo Intensivo",143,null,{"v":12.836624775583482,"d":"12.8"}]
["Faz Inseminação Artificial",5,null,{"v":0.4488330341113106,"d":"0.4"}]
["Faz Mineralização do Rebanho",627,null,{"v":56.283662477558345,"d":"56.3"}]
["Faz Vermifugação do Rebanho",657,null,{"v":58.97666068222621,"d":"59.0"}]
["Possui Parceiros /Arrendatários na Exploração Animal",93,null,{"v":8.348294434470377,"d":"8.3"}]
["Esporte e lazer",6,null,{"v":0.5385996409335727,"d":"0.5"}]
["Extração mineral","-",null,"-"]
["Hotel Fazenda, Pousada ou SPA",1,null,{"v":0.08976660682226212,"d":"0.1"}]
["Pesque-pague",3,null,{"v":0.26929982046678635,"d":"0.3"}]
["Restaurante ou Lanchonete",3,null,{"v":0.26929982046678635,"d":"0.3"}]
["Transformação artesanal","-",null,"-"]
["Turismo rural ou ecoturismo",1,null,{"v":0.08976660682226212,"d":"0.1"}]
["Outras atividades econômicas rurais",10,null,{"v":0.8976660682226212,"d":"0.9"}]
["Agroindústria","-",null,"-"]
["Proprietário sem instrução ou com instrução incompleta",146,null,{"v":13.105924596050269,"d":"13.1"}]
["Proprietário com antigo primário completo",326,null,{"v":29.26391382405745,"d":"29.3"}]
["Proprietário com 1° grau (ou antigo ginasial) completo",115,null,{"v":10.323159784560143,"d":"10.3"}]
["Proprietário com 2° grau (ou antigo colegial) completo",216,null,{"v":19.389587073608617,"d":"19.4"}]
["Proprietário com curso superior completo ",297,null,{"v":26.660682226211847,"d":"26.7"}]
["Pessoa Jurídica",14,null,{"v":1.2567324955116697,"d":"1.3"}]
["Proprietário residente na própria UPA ",288,null,{"v":25.852782764811487,"d":"25.9"}]
["Fonte: Secretaria de Agricultura e Abastecimento, CDRS/IEA, Projeto LUPA."]
[]
["TABELA 609.5 - Área Cultivada, Município de Tupã, Estado de São Paulo, 2007/08."]
["CULTURA","N.DE UPAs","MÍNIMO","MÉDIO","MÁXIMO","TOTAL"]
["Braquiaria",945,0.2,{"v":40.14,"d":"40.1"},{"v":1190,"d":"1,190.0"},{"v":37932.9,"d":"37,932.9"}]
["Cana-de-acucar",161,0.1,{"v":39.88,"d":"39.9"},895.4,{"v":6421.2,"d":"6,421.2"}]
["Amendoim",28,{"v":1,"d":"1.0"},{"v":65.23,"d":"65.2"},314.6,{"v":1826.5,"d":"1,826.5"}]
["Seringueira",48,0.6,{"v":28.47,"d":"28.5"},169.4,{"v":1366.4,"d":"1,366.4"}]
["Mandioca",60,0.1,{"v":14.26,"d":"14.3"},75.8,855.8]
["Coloniao",11,1.2,75.2,708.5,827.2]
["Eucalipto",228,0.1,3.2,48.4,729.4]
["Milho",42,0.3,{"v":6.98,"d":"7.0"},41.1,293.1]
["Gramas",23,0.6,8.6,82.4,197.7]
["Abacate",17,0.3,{"v":11.44,"d":"11.4"},{"v":40,"d":"40.0"},194.5]
["Cafe",43,0.1,{"v":4.03,"d":"4.0"},34.3,173.1]
["Coco-da-baia",32,0.1,{"v":2.03,"d":"2.0"},12.6,64.8]
["Pomar domestico",164,0.1,{"v":0.32,"d":"0.3"},4.6,52.3]
["Amora (ou amora-branca)",5,3.5,{"v":10,"d":"10.0"},21.7,{"v":50,"d":"50.0"}]
["Manga",19,0.1,{"v":1.65,"d":"1.7"},{"v":5,"d":"5.0"},31.3]
["Outras florestais",14,0.2,{"v":1.99,"d":"2.0"},9.6,27.9]
["Capim-napier (ou capim-elefante)",19,0.1,{"v":1.29,"d":"1.3"},4.8,24.5]
["Tangerina",8,0.1,{"v":2.85,"d":"2.9"},{"v":5,"d":"5.0"},22.8]
["Outras gramineas para pastagem",9,0.1,{"v":2.52,"d":"2.5"},{"v":6,"d":"6.0"},22.7]
["Mamao",3,0.6,{"v":5.83,"d":"5.8"},13.2,17.5]
["Sorgo-forrageiro",1,16.5,16.5,16.5,16.5]
["Banana",18,0.1,{"v":0.92,"d":"0.9"},3.9,16.5]
["Outras olericolas",10,0.1,{"v":1.33,"d":"1.3"},3.6,13.3]
["Maracuja",9,0.1,{"v":1.29,"d":"1.3"},3.6,11.6]
["Fruta-do-conde (ou pinha, ou anona)",3,0.1,{"v":2.57,"d":"2.6"},{"v":6,"d":"6.0"},7.7]
["Abobora (ou jerimum)",4,0.1,1.9,{"v":6,"d":"6.0"},7.6]
["Laranja",4,0.1,{"v":1.53,"d":"1.5"},5.2,6.1]
["Limao",8,0.1,{"v":0.69,"d":"0.7"},1.6,5.5]
["Viveiro de frutiferas em geral",4,0.3,{"v":1.33,"d":"1.3"},{"v":2,"d":"2.0"},5.3]
["Batata-doce",1,5.2,5.2,5.2,5.2]
["Horta domestica",15,0.1,{"v":0.31,"d":"0.3"},1.2,4.7]
["Tomate envarado",3,0.3,{"v":1.37,"d":"1.4"},3.4,4.1]
["Alface",10,0.1,0.4,1.2,{"v":4,"d":"4.0"}]
["Outros viveiros",3,0.4,{"v":1.07,"d":"1.1"},2.2,3.2]
["Caju",2,0.8,1.6,2.4,3.2]
["Lichia",1,{"v":3,"d":"3.0"},{"v":3,"d":"3.0"},{"v":3,"d":"3.0"},{"v":3,"d":"3.0"}]
["Caqui",2,0.1,{"v":1.25,"d":"1.3"},2.4,2.5]
["Sorgo",1,2.4,2.4,2.4,2.4]
["Palmito",1,2.4,2.4,2.4,2.4]
["Mandioquinha",1,2.4,2.4,2.4,2.4]
["Berinjela",5,0.1,{"v":0.34,"d":"0.3"},{"v":1,"d":"1.0"},1.7]
["Acerola (ou cereja-das-antilhas)",3,0.1,0.5,0.8,1.5]
["Pinus",2,0.2,0.7,1.2,1.4]
["Viveiro de flores e ornamentais",1,1.2,1.2,1.2,1.2]
["Cebolinha",5,0.1,{"v":0.22,"d":"0.2"},0.5,1.1]
["Jilo",1,{"v":1,"d":"1.0"},{"v":1,"d":"1.0"},{"v":1,"d":"1.0"},{"v":1,"d":"1.0"}]
["Pimentao",3,0.1,0.3,0.7,0.9]
["Quiabo",2,0.3,{"v":0.45,"d":"0.5"},0.6,0.9]
["Feijao",2,0.1,{"v":0.35,"d":"0.4"},0.6,0.7]
["Pepino",2,0.1,0.3,0.5,0.6]
["Tomate rasteiro",1,0.5,0.5,0.5,0.5]
["Feijao-vagem (ou vagem, ou feijao-verde)",2,0.1,0.2,0.3,0.4]
["Viveiro de florestais",1,0.3,0.3,0.3,0.3]
["Beterraba",1,0.3,0.3,0.3,0.3]
["Roma",1,0.3,0.3,0.3,0.3]
["Brocolos (ou brocolis)",1,0.3,0.3,0.3,0.3]
["Uva rustica",2,0.1,0.1,0.1,0.2]
["Couve (ou couve-crespa)",1,0.2,0.2,0.2,0.2]
["Chicoria (ou chicoria-de-folha-crespa)",1,0.2,0.2,0.2,0.2]
["Couve-flor",1,0.2,0.2,0.2,0.2]
["Gengibre",1,0.1,0.1,0.1,0.1]
["Goiaba",1,0.1,0.1,0.1,0.1]
["Floricultura para corte",1,0.1,0.1,0.1,0.1]
["Inhame",1,0.1,0.1,0.1,0.1]
["Fonte: Secretaria de Agricultura e Abastecimento, CDRS/IEA, Projeto LUPA."]